Bosnia and Herzegovina in the Eurovision Song Contest - Statistics

General Stats
  • This quiz has been taken 17 times
  • The average score is 7 of 19
Answer Stats
Answer % Correct
Lejla
85%
Ljubav je
69%
In The Disco
62%
Love in Rewind
62%
Pokušaj
62%
Thunder and Lightning
62%
Bistra voda
54%
Korake ti znam
46%
Sva bol svijeta
38%
Call Me
31%
Hano
31%
Putnici
31%
Rijeka bez imena (Ријека без имена)
31%
Ne brini
23%
Na jastuku za dvoje (На јастуку за двоје)
15%
Ostani kraj mene
15%
Dvadeset prvi vijek
8%
Goodbye
8%
Za našu ljubav
8%
No matching quizzes found
Score Distribution
Percent of People with Each Score
Percentile by Number Answered
Your Score History
You have not taken this quiz